| 000 | 00670nam a22002057a 4500 | ||
|---|---|---|---|
| 005 | 20180606112602.0 | ||
| 010 | _aENG-123151 | ||
| 020 |
_a9789384082512 _c950.00 |
||
| 035 | _aEN-106683 | ||
| 037 | _bDBAD/PUB | ||
| 082 | _a809 | ||
| 245 |
_aLiterary culture and translation: _cedited by Dorothy M. Figueira and Chandra Mohan _bnew aspects of comparative literture / |
||
| 260 |
_aDelhi _bPrimus Books _c2017 |
||
| 270 |
_aVirat Bhavan,Mukherjee Nagar,Commercial Complex, _bDelhi _e110009 |
||
| 300 |
_a325p. _c22cm(Hb) |
||
| 500 | _aIt includes index | ||
| 700 | _aFigueira Dorothy M. | ||
| 700 | _aChandra Mohan | ||
| 942 |
_2ddc _cEN _mLIT _h809 |
||
| 999 |
_c152559 _d152559 |
||